00521nam a22001575i 4500001000700000003000900007005001700016008004100033080001500074100004800089245007900137260004500216300002800261651004900289852002500338169332ES-MaACL20231216062911.0080901s1989 po |||| | spa d a910.4(7/8)1 aPérez de Tudela y Bueso, Juan,d1922-200410aCristobal Colón y las Siete Ciudades / cJuan Pérez de Tudela y Bueso. aPorto : bUniversidade do Porto, c1989. aP. [161]-187 ; c25 cm. 4aAmérica-xDescubrimientos y exploraciones. aES-MaACLj2233-F-26